00350pab a2200121 454500008004000000100001700040245009300057260000900150300001300159362001000172650001200182773003400194180718b2004 xxu||||| |||| 00| 0 eng d aNandy, Ashis aThe beautiful, expanding future of poverty: popular economics as a psychological defence c2004 ap.94-99. a3 Jan aPoverty aEconomic and Political Weekly